A TEXT BOOK OF PRACTICAL PHYSIOLOGY (Record no. 2460)
[ view plain ]
| 000 -LEADER | |
|---|---|
| fixed length control field | 00359nam a2200145Ia 4500 |
| 008 - FIXED-LENGTH DATA ELEMENTS--GENERAL INFORMATION | |
| fixed length control field | 150201s1999 xx 000 0 und d |
| 082 ## - DEWEY DECIMAL CLASSIFICATION NUMBER | |
| Classification number | 612 |
| Item number | P99G |
| 100 ## - MAIN ENTRY--PERSONAL NAME | |
| Personal name | GHAI,C.L |
| 245 #2 - TITLE STATEMENT | |
| Title | A TEXT BOOK OF PRACTICAL PHYSIOLOGY |
| 250 ## - EDITION STATEMENT | |
| Edition statement | 5TH |
| 260 ## - PUBLICATION, DISTRIBUTION, ETC. (IMPRINT) | |
| Name of publisher, distributor, etc. | JAYPEE MEDICAL PUBLISHER |
| Place of publication, distribution, etc. | DELHI |
| Date of publication, distribution, etc. | 1999 |
| 300 ## - PHYSICAL DESCRIPTION | |
| Extent | 1-443 |
| 650 ## - SUBJECT ADDED ENTRY--TOPICAL TERM | |
| Topical term or geographic name as entry element | PHYSIOLOGY |
| 942 ## - ADDED ENTRY ELEMENTS (KOHA) | |
| Source of classification or shelving scheme | Dewey Decimal Classification |
| Koha item type | Books |
| Koha issues (borrowed), all copies | 6 |
| Withdrawn status | Lost status | Source of classification or shelving scheme | Damaged status | Not for loan | Home library | Current library | Date acquired | Source of acquisition | Cost, normal purchase price | Serial Enumeration / chronology | SGTU | Bill Number | Total Checkouts | Full call number | Barcode | Date last seen | Date last checked out | Bill Date | Koha item type |
|---|---|---|---|---|---|---|---|---|---|---|---|---|---|---|---|---|---|---|---|
| Dewey Decimal Classification | SGT Dental Library | SGT Dental Library | 10/04/2002 | UNIVERSAL BOOK STALL DELHI | 150.00 | 1 | SGTU | 45 | 4 | 612 P99G | FD1 | 27/03/2021 | 27/03/2021 | 19/01/2012 | Books | ||||
| Dewey Decimal Classification | SGT Dental Library | SGT Dental Library | 10/04/2002 | UNIVERSAL BOOK STALL DELHI | 150.00 | 1 | SGTU | 45 | 2 | 612 P99G | FD2 | 23/08/2022 | 24/09/2021 | 19/01/2012 | Books | ||||
| Dewey Decimal Classification | SGT Dental Library | SGT Dental Library | 10/04/2002 | UNIVERSAL BOOK STALL DELHI | 150.00 | 1 | SGTU | 45 | 3 | 612 P99G | FD3 | 21/09/2021 | 11/08/2016 | 19/01/2012 | Books | ||||
| Dewey Decimal Classification | SGT Dental Library | SGT Dental Library | 10/04/2002 | UNIVERSAL BOOK STALL DELHI | 150.00 | 1 | SGTU | 45 | 1 | 612 P99G | FD4 | 30/10/2015 | 03/08/2015 | 19/01/2012 | Books | ||||
| Dewey Decimal Classification | SGT Dental Library | SGT Dental Library | 10/04/2002 | UNIVERSAL BOOK STALL DELHI | 150.00 | 1 | SGTU | 45 | 2 | 612 P99G | FD5 | 25/02/2016 | 25/02/2016 | 19/01/2012 | Books |